00286nam a2200109Ia 450000500170000000800410001710000180005824500660007626000100014230000110015265000130016320260328104316.0260328s9999||||xx |||||||||||||| ||und|| aMinguet, Anna 0aEco Homes in unusual Places living in Nature /cAnna Minguet bMonsa a134 p. aVIVIENDA